¿Dónde está la riqueza de las naciones? : (Registro nro. 8502)
[ vista simple ]
| 000 -LEADER | |
|---|---|
| fixed length control field | 03137nam a2200301Ia 4500 |
| 003 - CONTROL NUMBER IDENTIFIER | |
| control field | OSt |
| 005 - DATE AND TIME OF LATEST TRANSACTION | |
| control field | 20210903143223.0 |
| 008 - FIXED-LENGTH DATA ELEMENTS--GENERAL INFORMATION | |
| fixed length control field | 210310t2009 ck ad fr 000 0 spa d |
| 020 ## - INTERNATIONAL STANDARD BOOK NUMBER | |
| International Standard Book Number | 9789588307596 |
| 040 ## - CATALOGING SOURCE | |
| Original cataloging agency | CO-JMCR |
| Transcribing agency | CO-JMCR0 |
| 041 0# - LANGUAGE CODE | |
| Language code of text/sound track or separate title | spa |
| 082 04 - DEWEY DECIMAL CLASSIFICATION NUMBER | |
| Classification number | 338.9 / |
| Item number | I612d |
| Edition number | 23 |
| 110 2# - MAIN ENTRY--CORPORATE NAME | |
| Corporate name or jurisdiction name as entry element | International Bank for reconstruction and development |
| 9 (RLIN) | 38156 |
| 245 11 - TITLE STATEMENT | |
| Title | ¿Dónde está la riqueza de las naciones? : |
| Remainder of title | medir el capital para el siglo XXI / |
| Statement of responsibility, etc. | International Bank for reconstruction and development |
| 260 ## - PUBLICATION, DISTRIBUTION, ETC. | |
| Place of publication, distribution, etc. | Colombia : |
| Name of publisher, distributor, etc. | Banco Mundial : Mayol Ediciones, |
| Date of publication, distribution, etc. | ©2009 |
| 300 ## - PHYSICAL DESCRIPTION | |
| Extent | xxi, 163 páginas : |
| Other physical details | ilustraciones y gráficas a blanco y negro ; |
| Dimensions | 24 cm. |
| 500 ## - GENERAL NOTE | |
| General note | Incluye notas a pie de página. |
| 504 ## - BIBLIOGRAPHY, ETC. NOTE | |
| Bibliography, etc. note | Bibliografía: páginas 157-163 |
| 505 0# - FORMATTED CONTENTS NOTE | |
| Formatted contents note | Contabilidad de la riqueza -- Cambios en la riqueza -- Riqueza, producción y desarrollo -- Experiencia internacional -- Fuentes y métodos |
| 520 3# - SUMMARY, ETC. | |
| Summary, etc. | ¿Dónde está la riqueza de las naciones? La pregunta que señaló el principio de la ciencia económica está hoy en el centro de la política sobre el desarrollo. La riqueza de una nación es la base de la producción, el crecimiento y el bienestar. La composición de la riqueza es a la vez un determinante y un resultado del proceso de desarrollo.<br/>Este libro describe las estimaciones de la riqueza y sus componentes para cerca de 120 países. La riqueza económica se considera como un proceso de administración de un portafolio en el que los activos son el capital producido, los recursos naturales y los recursos humanos. En este marco descriptivo, la sostenibilidad es parte integral del diseño de las políticas económicas. El riguroso análisis, presentado en forma accesible, identifica las condiciones del crecimiento y el desarrollo sostenibles, proporcionando un canon de medida a los autores de las políticas.<br/>El libro consta de cuatro secciones. En la primera se introducen las estimaciones de la riqueza y se pone de relieve el nivel y la composición de la riqueza de los países. En la segunda se hace un análisis de los cambios en la riqueza y sus implicaciones para la politica económica. En la tercera se profundiza en el análisis considerando la importancia del capital humano y el institucional, y vinculando la riqueza con la producción. Y en la última se hace una revisión de las aplicaciones existentes de la contabilidad ambiental y de los recursos en los países desarrollados y también en los países en desarrollo<br/>El libro llena el vacío existente entre los ministerios de finanzas, del medio ambiente y de los recursos, y será de interés para economistas, profesionales del desarrollo y para los encargados de tomar decisiones en el gobierno, las organizaciones internacionales y la academia. |
| 650 14 - SUBJECT ADDED ENTRY--TOPICAL TERM | |
| Topical term or geographic name entry element | Desarrollo sostenible |
| 9 (RLIN) | 17459 |
| General subdivision | Modelos económicos |
| 650 24 - SUBJECT ADDED ENTRY--TOPICAL TERM | |
| Topical term or geographic name entry element | Riqueza |
| General subdivision | Modelos económicos |
| 9 (RLIN) | 39983 |
| 650 24 - SUBJECT ADDED ENTRY--TOPICAL TERM | |
| Topical term or geographic name entry element | Indicadores económicos |
| 9 (RLIN) | 39984 |
| 650 24 - SUBJECT ADDED ENTRY--TOPICAL TERM | |
| Topical term or geographic name entry element | Indicadores ambientales |
| 9 (RLIN) | 39985 |
| 650 24 - SUBJECT ADDED ENTRY--TOPICAL TERM | |
| Topical term or geographic name entry element | Ahorro e inversión |
| General subdivision | Modelos económicos |
| 9 (RLIN) | 39986 |
| 650 24 - SUBJECT ADDED ENTRY--TOPICAL TERM | |
| Topical term or geographic name entry element | Capital humano |
| General subdivision | Modelos económicos |
| 9 (RLIN) | 39987 |
| 942 ## - ADDED ENTRY ELEMENTS (KOHA) | |
| Source of classification or shelving scheme | Dewey Decimal Classification |
| Koha item type | Books |
| Withdrawn status | Lost status | Source of classification or shelving scheme | Damaged status | Not for loan | Collection code | Home library | Current library | Date acquired | Source of acquisition | Full call number | Barcode | Date last seen | Copy number | Koha item type |
|---|---|---|---|---|---|---|---|---|---|---|---|---|---|---|
| Dewey Decimal Classification | Non-fiction | Biblioteca Pública José María del Castillo y Rada | Biblioteca Pública José María del Castillo y Rada | 04/15/2018 | Donación | 338.9 / I612d | 430006130 | 05/16/2024 | Ej.1 | Books |